[Event "ch-AZE"]
[Site "Baku AZE"]
[Date "2008.01.25"]
[Round "6"]
[White "Mamedov,Nid"]
[Black "Gasimov,R"]
[Result "1/2-1/2"]
[WhiteElo "2574"]
[BlackElo "2394"]

1.e4 c5 2.Nc3 e6 3.Nge2 Nc6 4.d4 cxd4 5.Nxd4 Qc7 6.Be3 Nf6 7.f3 a6 8.Qd2 Ne5
9.O-O-O Bb4 10.Nb3 b5 11.Qe1 Nc4 12.Bd4 Qc6 13.Qg3 Be7 14.Bxc4 Qxc4 15.Na5 Qb4
16.Bb6 d5 17.exd5 Qd6 18.Qxd6 Bxd6 19.dxe6 Bf4+ 20.Kb1 Bxe6 21.g3 Be5 22.Bd4 Bxd4
23.Rxd4 O-O 24.g4 Rfd8 25.Rhd1 Rxd4 26.Rxd4 g5 27.a4 bxa4 28.Nxa4 Nd7 29.h3 Ne5
30.f4 gxf4 31.Rxf4 Rd8 32.b3 Rd5 33.Nb7 Ng6 34.Re4 Bd7 35.Nc3 Rg5 36.Rc4 Re5
37.Rc7 Be6 38.Nc5 a5 39.N3e4 Nf4 40.Nxe6 Rxe6 41.Ng5 Rg6 42.Nxf7 Nxh3 43.Ne5 Rg5
44.Rc5 Nf2 45.Rxa5 Nxg4 46.Ra8+ Kg7 47.Ra7+ Kg8 48.Nxg4 Rxg4 49.Ra4 h5 50.Ra5 h4
51.c4 Rg7 52.Ra8+ Kh7 53.Kc2 h3 54.Ra1 Kg6 55.b4 Kf5 56.b5 Ke5 57.Kc3 h2
58.Rh1 Rh7 59.Kb4 Kd6 60.c5+ Kc7 61.Ka5 Rh6  1/2-1/2

[Event "Winter Open"]
[Site "Belgrade SRB"]
[Date "2008.01.25"]
[Round "4"]
[White "Sarenac,D"]
[Black "Vujosevic,D"]
[Result "1-0"]
[WhiteElo "2217"]
[BlackElo "1996"]

1.e4 c5 2.Nf3 Nc6 3.d4 cxd4 4.Nxd4 e6 5.Nc3 a6 6.Be3 Qc7 7.Qd2 Bb4 8.O-O-O Nf6
9.f3 Ne5 10.Nb3 Bxc3 11.bxc3 Nc4 12.Bxc4 Qxc4 13.Bc5 d5 14.Qg5 Rg8 15.exd5 h6
16.Qe5 Nd7 17.Qd6 Nxc5 18.Nxc5 g5 19.Rd4 Qxc3 20.dxe6 fxe6 21.Kb1 Kf7 22.h4 Qa5
23.Nb3 Qf5 24.Qc7+ Kf6 25.hxg5+ hxg5 26.Rh6+  1-0

[Event "Winter Open"]
[Site "Belgrade SRB"]
[Date "2008.01.26"]
[Round "5"]
[White "Chelushkina,I"]
[Black "Pavlovic,MilosM"]
[Result "0-1"]
[WhiteElo "2357"]
[BlackElo "2457"]

1.e4 c5 2.Nf3 e6 3.d4 cxd4 4.Nxd4 Nc6 5.Nc3 Qc7 6.Be2 Nf6 7.O-O Be7 8.a4 O-O
9.Nb3 b6 10.f4 d6 11.Be3 Bb7 12.a5 Nxa5 13.Nxa5 bxa5 14.Bf3 Rfd8 15.Qe2 Bc6
16.Rfd1 Rab8 17.b3 d5 18.exd5 Nxd5 19.Bxd5 exd5 20.Bd4 Rb4 21.Be5 Qb6+ 22.Kh1 f6
23.Bd4 Rxd4 24.Qxe7 Re8 25.Qa3 Rxd1+ 26.Rxd1 Qf2  0-1

[Event "6th Gibtelecom Masters"]
[Site "Gibraltar ENG"]
[Date "2008.01.26"]
[Round "5"]
[White "Szabo,Krisz1"]
[Black "Jaksland,T"]
[Result "1-0"]
[WhiteElo "2500"]
[BlackElo "2294"]

1.e4 c5 2.Nf3 e6 3.d4 cxd4 4.Nxd4 Nc6 5.Nc3 Qc7 6.Be3 a6 7.Qd2 Nf6 8.O-O-O Bb4
9.f3 Ne5 10.Nb3 b5 11.Kb1 Nc4 12.Bxc4 bxc4 13.Nd4 Rb8 14.g4 O-O 15.Ka1 d6
16.a3 a5 17.Nde2 Nd7 18.Qc1 Ne5 19.Rhf1 Bd7 20.g5 Rb7 21.f4 Ng6 22.Qd2 Bc6
23.Ng3 Rfb8 24.Rb1 d5 25.e5 Qe7 26.Bd4 Nh4 27.Ka2 Qd7 28.Qe2 Bf8 29.Qg4 Nf5
30.Nxf5 exf5 31.Qf3 Qe7 32.Ka1 Qe6 33.Qe3 Bb4 34.Rfd1 Qe7 35.Ka2 Qe6 36.h4 Rd8
37.h5 Rdb8 38.Rg1 Bf8 39.Bc5 d4 40.Qxd4 Rd7 41.Qe3 Bxc5 42.Qxc5 Be4 43.Qf2 Rbd8
44.Rgd1 Rxd1 45.Rxd1 Rxd1 46.Nxd1 h6 47.Qh2 hxg5 48.fxg5 f4 49.Qxf4 Bxc2
50.Nc3 Bb3+ 51.Kb1 Qh3 52.h6 Qd3+ 53.Ka1 Qh3 54.Nb1 Qh1 55.e6 f6 56.g6 Kf8
57.Qd6+  1-0

[Event "6th ch-PriFO Men"]
[Site "Kazan RUS"]
[Date "2008.01.26"]
[Round "4"]
[White "Sokolov,Sergei"]
[Black "Tunik,G"]
[Result "1/2-1/2"]
[WhiteElo "2356"]
[BlackElo "2473"]

1.e4 c5 2.Nf3 e6 3.d4 cxd4 4.Nxd4 Nc6 5.Nc3 a6 6.Be3 Nf6 7.Be2 Bb4 8.Nxc6 bxc6
9.O-O Bxc3 10.bxc3 Nxe4 11.Bf3 Nf6 12.Bc5 d5 13.Qd4 h5 14.c4 a5 15.cxd5 cxd5
16.c4 Ra6 17.cxd5 exd5 18.Rad1 Re6 19.Bxd5 Nxd5 20.Qxd5 Qxd5 21.Rxd5 f6 22.Be3 Ra6
23.Rfd1 Kf7 24.Rd6 Rxd6 25.Rxd6 Be6 26.h4 Rb8 27.Rb6 Rxb6  1/2-1/2

[Event "ch-AZE"]
[Site "Baku AZE"]
[Date "2008.01.27"]
[Round "8"]
[White "Durarbeyli,V"]
[Black "Guliev,L"]
[Result "0-1"]
[WhiteElo "2392"]
[BlackElo "2438"]

1.e4 c5 2.Nc3 e6 3.Nf3 Nc6 4.d4 cxd4 5.Nxd4 a6 6.Nxc6 bxc6 7.Bd3 d6 8.O-O Nf6
9.b3 Be7 10.Bb2 e5 11.Ne2 O-O 12.c4 Qc7 13.Ng3 a5 14.Qc2 Be6 15.Rae1 Nd7
16.Nf5 Bf6 17.Qd2 Bxf5 18.exf5 d5 19.cxd5 cxd5 20.Rc1 Qb6 21.Ba3 Rfd8 22.Be2 a4
23.b4 Qd6 24.Bb5 d4 25.Qd3 Bg5 26.Rc2 Nf6 27.Rc6 Qe7 28.Bc4 Qd7 29.b5 e4
30.Qg3 Qxf5 31.Rc5 Nd5 32.b6 Bf4 33.Qh4 Qf6 34.Qg4 Ne7 35.g3 Bd6 36.Qxe4 Rab8
37.b7 Bxc5 38.Bxc5 Nf5 39.Bd3 g6 40.Rb1 Nd6 41.Qc6 Qe7 42.Ba6 d3 43.Qxa4 d2
44.Qd1 Qe4 45.Ba7 Rxb7 46.Bxb7 Nxb7 47.Ra1 Qd3 48.Be3 Rd5 49.Kg2 Na5 50.Bh6 Rd8
51.a4 Nc4 52.a5 Nb2 53.Qxd2 Qe4+ 54.Kg1 Rxd2 55.Bxd2 Nc4 56.Bc3 Qf3 57.Bd4 Qd3
58.Bf6 Qd6 59.Bc3 Qa6 60.h4 Kf8 61.Re1 Qb5 62.Ra1 Qa6 63.Re1 f6 64.Bb4+ Kg7
65.Re7+ Kh6 66.g4 Qc8 67.Rd7 Ne5 68.Bd2+ g5 69.hxg5+ Kg6 70.Rd6 Qxg4+ 71.Kf1 Qc4+
72.Kg2 Qg4+ 73.Kf1 Qh3+ 74.Ke2 Qf3+ 75.Kf1 Ng4 76.Ke1 Qxf2+ 77.Kd1  0-1

[Event "FINEC GMA"]
[Site "St Petersburg RUS"]
[Date "2008.01.27"]
[Round "4"]
[White "Lanin,A"]
[Black "Matlakov,M"]
[Result "1-0"]
[WhiteElo "2456"]
[BlackElo "2441"]

1.e4 c5 2.Nf3 e6 3.d4 cxd4 4.Nxd4 Nc6 5.Nc3 d6 6.Be3 Nf6 7.f4 e5 8.Nf3 Ng4
9.Qd2 Nxe3 10.Qxe3 exf4 11.Qxf4 Be7 12.O-O-O Be6 13.Nd5 Bxd5 14.Rxd5 O-O
15.Bc4 Qc7 16.Bb3 Nb4 17.Rd4 a5 18.a3 Nc6 19.Rd5 a4 20.Ba2 b5 21.Rxb5 Bf6
22.Rd1 Rab8 23.Rdd5 Na7 24.Rb4 Nc6 25.Rxb8 Rxb8 26.c3 Ne5 27.Nxe5 Bxe5 28.Qf3 g6
29.g3 Kg7 30.Rd2 f6 31.Qd3 Qa7 32.Qc4 Kh6 33.Qe2 Kg7 34.Qf2 Qa6 35.Bd5 Qa5
36.Rc2 Qa6 37.Kb1 Qa5 38.Ka1 Qa6 39.Qe2 Qa7 40.Ka2 Rc8 41.Qb5 Rb8 42.Qc4 Rb6
43.Qc8 Rb8 44.Qc4 Rb6 45.g4 Bf4 46.h3 Be5 47.Rd2 Bf4 48.Rg2 Qd7 49.h4 Be3
50.Be6 Qc6 51.Qd3 Qc5 52.Bd7 Bf2 53.h5 Be3 54.hxg6 hxg6 55.Bxa4 Bf4 56.Bb3 Rb8
57.Qd5 Qa7 58.Qe6 Rh8 59.Re2 Be5 60.Rd2 Rh4 61.Qg8+ Kh6 62.g5+ fxg5 63.Bf7  1-0

[Event "Winter Open"]
[Site "Belgrade SRB"]
[Date "2008.01.28"]
[Round "7"]
[White "Todorovic,GM"]
[Black "Pavlovic,MilosM"]
[Result "1/2-1/2"]
[WhiteElo "2470"]
[BlackElo "2457"]

1.e4 c5 2.Nf3 e6 3.d4 cxd4 4.Nxd4 Nc6 5.Nc3 Qc7 6.Be3 Nf6 7.Bd3 a6 8.O-O Ne5
9.h3 Bc5 10.Kh1 d6 11.f4 Ng6 12.f5 Ne5 13.Qe1 O-O 14.Qg3 Kh8 15.Nce2 exf5
16.exf5 b5 17.Bg5 Ned7 18.Qh4 Bb7 19.Ne6 fxe6 20.fxe6 Ne5 21.e7 Qxe7 22.Bxh7 Rae8
23.Nf4 Qc7 24.Ne6 Qe7 25.Rae1 Qxe6 26.Bf5+ Kg8 27.Bxe6+ Rxe6 28.Be3 Ng6 29.Qg3 Nh5
30.Rxf8+ Nxf8 31.Qf2 Rg6 32.Bxc5 Rxg2 33.Qxg2 Bxg2+ 34.Kxg2 dxc5 35.Re8 Nf4+
36.Kg3 Ne6 37.Ra8 Nc7 38.Rc8 Ne6 39.Ra8 Nc7 40.Rc8 Ne6  1/2-1/2

[Event "6th ch-PriFO Men"]
[Site "Kazan RUS"]
[Date "2008.01.28"]
[Round "6"]
[White "Kokarev,Dm"]
[Black "Kalegin,E"]
[Result "1/2-1/2"]
[WhiteElo "2574"]
[BlackElo "2480"]

1.e4 c5 2.Nf3 e6 3.d4 cxd4 4.Nxd4 Nc6 5.Nc3 a6 6.Nxc6 bxc6 7.Bd3 d5 8.O-O Nf6
9.Re1 Be7 10.e5 Nd7 11.Qg4 g6 12.b3 O-O 13.Bh6 f5 14.exf6 Nxf6 15.Qe2 Rf7
16.Bf4  1/2-1/2

[Event "6th ch-PriFO Men"]
[Site "Kazan RUS"]
[Date "2008.01.28"]
[Round "6"]
[White "Varavin,V1"]
[Black "Tunik,G"]
[Result "1/2-1/2"]
[WhiteElo "2427"]
[BlackElo "2473"]

1.e4 c5 2.Nf3 e6 3.d4 cxd4 4.Nxd4 Nc6 5.Nc3 a6 6.Be2 Qc7 7.O-O Nf6 8.Be3 Bb4
9.Na4 O-O 10.c4 Bd6 11.g3 Be7 12.c5 Nxe4 13.Bf3 Ng5 14.Bg2 f5 15.Rc1 Nf7
16.Qb3 Bf6 17.Ne2 Rb8 18.Rfd1 Kh8 19.Nb6 Nce5 20.h3 g5 21.Bd4 Bg7 22.Qe3 Rg8
23.Kh2 f4 24.Qe4 Ng6 25.Bxg7+ Rxg7 26.b4 d5 27.cxd6 Qxb6 28.d7 Bxd7 29.Rxd7 Qxf2
30.gxf4 gxf4 31.Rf1 Qh4 32.Nxf4 Nxf4 33.Rxf4 Qg3+ 34.Kh1 Nh6 35.Rxg7 Qxg7
36.Qxe6 Rg8 37.Rf2 Rd8 38.Qf6 Rd7 39.a4 Ng8 40.Qe6 Qd4 41.Qf5 Rg7 42.Rf4 Qa1+
43.Kh2 Qxa4 44.Qe5 Qd7 45.Bd5 Qe7 46.Qxe7 Rxe7 47.Rf8 Rg7 48.Rb8 Rg5 49.Bxg8  1/2-1/2

[Event "6th ch-PriFO Men"]
[Site "Kazan RUS"]
[Date "2008.01.28"]
[Round "6"]
[White "Gerasimov,I"]
[Black "Khayrullin,D"]
[Result "1-0"]
[WhiteElo "2289"]
[BlackElo "2382"]

1.e4 c5 2.Nf3 e6 3.d4 cxd4 4.Nxd4 Nc6 5.Nc3 Qc7 6.Be2 a6 7.O-O Nf6 8.Be3 Be7
9.f4 d6 10.Kh1 O-O 11.a4 Re8 12.Bf3 Bd7 13.Nb3 b6 14.g4 Bc8 15.g5 Nd7 16.Bg2 Bb7
17.Qh5 g6 18.Qh4 Nb4 19.Rac1 Bf8 20.Rf3 Rab8 21.Rh3 h6 22.gxh6 Ba8 23.Nd4 d5
24.f5 e5 25.fxg6 fxg6 26.Qg3 Qd6 27.Nf5 Qe6 28.h7+ Kh8 29.Nh4 g5 30.Qxg5  1-0

[Event "Winter Open"]
[Site "Belgrade SRB"]
[Date "2008.01.29"]
[Round "8"]
[White "Sarenac,I"]
[Black "Andrijevic,M"]
[Result "1-0"]
[WhiteElo "2271"]
[BlackElo "2378"]

1.e4 c5 2.Nf3 Nc6 3.d4 cxd4 4.Nxd4 e6 5.Nc3 Qc7 6.Be3 a6 7.Qd2 b5 8.O-O-O Bb7
9.f3 Nf6 10.g4 Nxd4 11.Bxd4 d6 12.g5 Nd7 13.Kb1 b4 14.Na4 d5 15.exd5 Bxd5
16.b3 Be7 17.Bxg7 Rg8 18.Bd4 Bxf3 19.Bg2 Bxg5 20.Qf2 Bxd1 21.Bxa8 Bh5 22.Rg1 Kf8
23.Be4 Bg6 24.Rxg5 Bxe4 25.Nc5 Rxg5 26.Nxe6+ Kg8 27.Nxc7 Rg2 28.Qf4 Bg6 29.Nd5 Bxc2+
30.Kc1  1-0

[Event "6th Gibtelecom Masters"]
[Site "Gibraltar ENG"]
[Date "2008.01.29"]
[Round "8"]
[White "Thollin,R"]
[Black "Kvisla,J"]
[Result "1/2-1/2"]
[WhiteElo "2011"]
[BlackElo "2130"]

1.e4 c5 2.Nc3 e6 3.Nf3 Nc6 4.d4 cxd4 5.Nxd4 Nf6 6.Ndb5 Bc5 7.Nd6+ Ke7 8.Nxc8+ Rxc8
9.Bd3 h6 10.O-O Re8 11.Na4 Bd6 12.c3 Be5 13.f4 Bc7 14.c4 d6 15.Nc3 Kf8 16.b3 Bb6+
17.Kh1 Bd4 18.Bb2 d5 19.e5 dxc4 20.Bxc4 Bxc3 21.Bxc3 Ne4 22.Be1 Qxd1 23.Rxd1 Red8
24.Rxd8+ Rxd8 25.Bb5 Rd4 26.g3 a6 27.Bxc6 bxc6 28.Kg2 Rd3 29.Ba5 Rd5 30.Be1 Ke8
31.Kf3 Nc5 32.Bb4 Nd3 33.Bd2 Nxe5+ 34.Ke2 Ng4 35.Rc1 Kd7 36.Rc4 c5 37.Be3 Kc6
38.b4 Kb5 39.Rxc5+ Kxb4 40.Rc7 Rf5 41.Ra7 e5 42.fxe5 Nxe5 43.Rxa6 Nc4 44.Bd4 g6
45.Ra7 Kb5 46.Kd3 Rf3+ 47.Ke2 Rf5 48.Kd3  1/2-1/2

[Event "6th Gibtelecom Masters"]
[Site "Gibraltar ENG"]
[Date "2008.01.29"]
[Round "8"]
[White "Lovik,L"]
[Black "Arakhamia,K"]
[Result "0-1"]
[WhiteElo "2052"]
[BlackElo "2457"]

1.e4 c5 2.Nf3 e6 3.d4 cxd4 4.Nxd4 Nc6 5.Nc3 d6 6.Be3 Nf6 7.Bc4 Be7 8.Qe2 O-O
9.O-O-O Bd7 10.Rhg1 Rc8 11.Nxc6 Rxc6 12.Bb5 Rxc3 13.bxc3 Bxb5 14.Qxb5 Nxe4
15.Qc4 d5 16.Qxe4 dxe4 17.Rxd8 Rxd8 18.Bxa7 Ra8 19.Bd4 Rxa2 20.Kd2 e5 21.Be3 f5
22.g3 Ra6 23.Rb1 Rd6+ 24.Ke2 Rd7 25.h4 Kf7 26.Rb6 Bd8 27.Rb4 Ba5 28.Rb3 Bd8
29.Rb5 Ke6 30.Bg5 Bxg5 31.hxg5 f4 32.gxf4 exf4 33.Rb4 Kf5 34.Rb5+ Kg4 35.Re5 Rc7
36.Rxe4 Kxg5 37.Re5+ Kf6 38.Rb5 Rxc3 39.Rxb7 Rxc2+ 40.Kf3 h5 41.Rb6+ Kg5
42.Rb5+ Kh6 43.Rb4 g5 44.Rb6+ Kg7 45.Rb7+ Kf6 46.Rb6+ Ke7 47.Rb7+ Kd6 48.Rh7 g4+
49.Kg2 g3 50.Rxh5 Rxf2+ 51.Kh1 f3  0-1

[Event "6th Gibtelecom Masters"]
[Site "Gibraltar ENG"]
[Date "2008.01.30"]
[Round "9"]
[White "Steel,H"]
[Black "Bellon Lopez,JuM"]
[Result "0-1"]
[WhiteElo "2241"]
[BlackElo "2455"]

1.e4 c5 2.Nf3 Nc6 3.Nc3 e6 4.d4 cxd4 5.Nxd4 Qc7 6.Be3 Nf6 7.f3 a6 8.Qd2 Nxd4
9.Qxd4 e5 10.Qb6 Qxb6 11.Bxb6 d6 12.Bc4 Be6 13.Bxe6 fxe6 14.O-O-O Rc8 15.a4 Be7
16.Be3 Rc6 17.Bg5 Nh5 18.Bxe7 Kxe7 19.g3 g5 20.Ne2 Rhc8 21.c3 g4 22.fxg4 Nf6
23.Rhf1 Rc4 24.Rf3 Rxa4 25.Kb1 Nxe4 26.b3 Ra5 27.Kb2 Rd5 28.Rxd5 exd5 29.Re3 Nf2
30.Rf3 Nxg4 31.h3 Nf6 32.g4 Ne4 33.Re3 b5 34.Rd3 Rf8 35.Ka3 Rf2 36.Ng3 Nxg3
37.Rxg3 a5  0-1

[Event "6th ch-PriFO Men"]
[Site "Kazan RUS"]
[Date "2008.01.30"]
[Round "8"]
[White "Kokarev,Dm"]
[Black "Tunik,G"]
[Result "1-0"]
[WhiteElo "2574"]
[BlackElo "2473"]

1.e4 c5 2.Nf3 e6 3.d4 cxd4 4.Nxd4 Nc6 5.Nc3 a6 6.Nxc6 bxc6 7.Bd3 d5 8.O-O Nf6
9.Re1 Be7 10.e5 Nd7 11.Qg4 g6 12.b3 O-O 13.Na4 f5 14.exf6 Nxf6 15.Qe2 Nh5
16.Bb2 Nf4 17.Qe3 Bg5 18.Qb6 Nxd3 19.cxd3 Bd7 20.Qc5 Be7 21.Qc3 Bf6 22.Qc2 Qc7
23.Nc5 e5 24.Nxd7 Qxd7 25.Bxe5 Bxe5 26.Rxe5 Rae8 27.Rae1 Rxe5 28.Rxe5 Qd6
29.Qe2 Kf7 30.g3 a5 31.Qe3 Ra8 32.d4 a4 33.Qh6 Kg8 34.bxa4 Rf8 35.Qe3 Kf7
36.Kg2 Rc8 37.a5 Rf8 38.h4 h5 39.Qh6 Rg8 40.Re3 Qd7 41.a6 Rg7 42.Rb3  1-0

[Event "6th Gibtelecom Masters"]
[Site "Gibraltar ENG"]
[Date "2008.01.31"]
[Round "10"]
[White "Areshchenko,A"]
[Black "Arakhamia,K"]
[Result "1-0"]
[WhiteElo "2645"]
[BlackElo "2457"]

1.e4 c5 2.Nf3 e6 3.d4 cxd4 4.Nxd4 Nc6 5.Nc3 d6 6.Be3 Nf6 7.f4 e5 8.Nf3 Ng4
9.Qd2 Nxe3 10.Qxe3 exf4 11.Qxf4 Be6 12.O-O-O Be7 13.Nd5 O-O 14.h4 Rc8 15.g4 Bxd5
16.exd5 Ne5 17.g5 Qc7 18.Nd4 Qc5 19.Qe4 Rfe8 20.Qg2 a6 21.Kb1 Bd8 22.Nf5 Ng6
23.c4 b5 24.h5 Ne5 25.g6 Bf6 26.gxf7+ Kxf7 27.cxb5 Ng4 28.Bd3 Ne3 29.Nxe3 Qxe3
30.h6 g6 31.Rhf1 Qe5 32.bxa6 Rb8 33.Rxf6+ Kxf6 34.Rf1+ Ke7 35.Qf2 Rb4 36.a3 Rb3
37.Ka2 Rxd3 38.Qf7+ Kd8 39.a7 Rxa3+ 40.Kxa3  1-0

[Event "6th Gibtelecom Masters"]
[Site "Gibraltar ENG"]
[Date "2008.01.31"]
[Round "10"]
[White "Getz,N"]
[Black "Vinas Guerrero,C"]
[Result "1/2-1/2"]
[WhiteElo "2019"]
[BlackElo "2129"]

1.e4 c5 2.Nf3 e6 3.d4 cxd4 4.Nxd4 Nc6 5.Nc3 Qc7 6.Ndb5 Qb8 7.Be3 a6 8.Bb6 axb5
9.Nxb5 Bb4+ 10.c3 Ba5 11.Nc7+ Qxc7 12.Bxc7 Bxc7 13.Qg4 Be5 14.f4 Nf6 15.Qf3 Bc7
16.Bd3 d6 17.O-O h5 18.Qg3 Kf8 19.Rfe1 Bd7 20.b4 Ra3 21.b5 Nd8 22.Bc4 Bb6+
23.Kf1 d5 24.exd5 exd5 25.f5 dxc4 26.Qd6+ Kg8 27.Qxb6 Kh7 28.Rad1 Ra8 29.Re5 Rf8
30.h3 Kg8 31.Rd2 h4 32.Kf2 Bxf5 33.Rxf5 Ne4+ 34.Ke3 Nxd2 35.Kxd2 Rxa2+ 36.Ke3 Rc2
37.Kd4 Ne6+ 38.Kxc4 Rc8+ 39.Kb4 R2xc3 40.Qxb7 R3c4+ 41.Ka5 R8c7 42.Qa8+ Rc8
43.Qd5 R4c5 44.Qf3 Rc3 45.Qd1 Rc1 46.Qd5  1/2-1/2

[Event "6th Gibtelecom Masters"]
[Site "Gibraltar ENG"]
[Date "2008.01.31"]
[Round "10"]
[White "Paehtz,E"]
[Black "Cramling,P"]
[Result "1/2-1/2"]
[WhiteElo "2420"]
[BlackElo "2524"]

1.e4 c5 2.Nf3 Nc6 3.d4 cxd4 4.Nxd4 e6 5.Nc3 Qc7 6.Be3 a6 7.Be2 b5 8.Nxc6 Qxc6
9.e5 Bb7 10.Bf3 Qc7 11.O-O Rc8 12.Bxb7 Qxb7 13.Qd3 Ne7 14.a4 b4 15.Ne4 Nf5
16.c4 h6 17.b3 Be7 18.Bc1 O-O 19.Bb2 Rfd8 20.Qf3 d5 21.exd6 Nxd6 22.Qg4 Ne8
23.Qe2 Rd7 24.Rfd1 Rcd8 25.f3 f6 26.Kf1 Kf7 27.Nf2 Qc7 28.Rxd7 Rxd7 29.Re1 Qc6
30.Rd1 Nc7 31.Rxd7 Qxd7 32.Qd3 Qc6 33.Bc1 e5 34.Qh7 Kf8 35.Qh8+ Kf7 36.Qh7 Kf8
37.Qh8+  1/2-1/2

[Event "13th HIT Open A"]
[Site "Nova Gorica SLO"]
[Date "2008.01.31"]
[Round "8"]
[White "Perunovic,Mil"]
[Black "Markus,Rob"]
[Result "1/2-1/2"]
[WhiteElo "2570"]
[BlackElo "2575"]

1.e4 c5 2.Nf3 e6 3.d4 cxd4 4.Nxd4 Nc6 5.Nc3 Qc7 6.Be2 Nf6 7.O-O Be7 8.Be3 O-O
9.f4 d6 10.Kh1 Nxd4 11.Bxd4 e5 12.Be3 b6 13.Bd3 Bb7 14.Qf3  1/2-1/2

[Event "13th HIT Open A"]
[Site "Nova Gorica SLO"]
[Date "2008.02.01"]
[Round "9"]
[White "Krivec,J"]
[Black "Tonon,A"]
[Result "1-0"]
[WhiteElo "2345"]
[BlackElo "2198"]

1.e4 c5 2.Nf3 e6 3.d4 cxd4 4.Nxd4 Nc6 5.Nc3 Qc7 6.g3 a6 7.Bg2 Nf6 8.O-O Bc5
9.Nb3 Ba7 10.Bf4 Ne5 11.Nc1 d6 12.Nd3 Ng6 13.Bg5 Qa5 14.Bd2 Qc7 15.Qe2 Bd7
16.a4 Ne5 17.Be3 Bxe3 18.Qxe3 Nc4 19.Qg5 Kf8 20.Nd1 Qa5 21.Qxa5 Nxa5 22.e5 Ne8
23.b4 Nc6 24.exd6 Nxd6 25.Ne3 Ke7 26.Rfe1 Kf6 27.c4 Rab8 28.b5 Na5 29.c5 Nf5
30.Nxf5 exf5 31.Ne5 Be6 32.c6 bxc6 33.bxc6 Rhc8 34.Nd7+ Bxd7 35.cxd7 Rc7
36.Rad1 Rd8 37.Rd6+ Kg5 38.f4+  1-0

[Event "43rd ch-CYP"]
[Site "Limassol CYP"]
[Date "2008.02.02"]
[Round "5"]
[White "Klerides,P"]
[Black "Savva,P"]
[Result "1/2-1/2"]
[WhiteElo "2199"]
[BlackElo "2086"]

1.e4 c5 2.Nf3 e6 3.d4 cxd4 4.Nxd4 Nc6 5.Nc3 Qc7 6.Be3 a6 7.Bd3 b5 8.O-O Bb7
9.Nxc6 Bxc6 10.Qe2 Nf6 11.Bd4 Be7 12.a3 O-O 13.e5 Nd5 14.Nxd5 Bxd5 15.Rae1 Rfc8
16.Qh5 g6 17.Qh6 Bf8 18.Qh4 Qd8 19.Qf4 Be7 20.Qe3 Bc4 21.f4 Bxd3 22.Qxd3 Rc4
23.c3 d5 24.exd6 Bxd6 25.Kh1 Qc7 26.Qh3 Bf8 27.Rf3 Bg7 28.Be5 Qc6 29.Rd3 Re4
30.Red1 Bxe5 31.fxe5 Rxe5 32.Qh6 Rd5 33.Rxd5 exd5 34.Qg5 Re8 35.h4 Qd6 36.Kg1 Re5
37.Qg3 Qe6 38.Rf1 Kg7 39.Qf2 Re4 40.Rd1 h5 41.Rf1 Re2 42.Qd4+ Qe5 43.Qa7 Qe3+
44.Qxe3 Rxe3 45.Rd1 Re2 46.Rxd5 Rxb2 47.a4 bxa4 48.Ra5 Rb6 49.Rxa4 Kf6 50.Kf2 Ke5
51.Ke3 Kd5 52.g4 Re6+ 53.Kd3 hxg4 54.Rxg4 Kc5 55.Rg5+ Kb6 56.h5 gxh5 57.Rxh5 f6
58.Kc4 Re4+ 59.Kd3 Re5 60.Rh6 Rf5 61.Kc4 Rf4+ 62.Kb3 Kb5 63.Rh8 Rf1 64.Rb8+ Kc5
65.Rd8 Rb1+ 66.Kc2 Rb6 67.Rf8 a5 68.Ra8 Kb5 69.Kb3 Ra6 70.c4+ Kb6 71.Rb8+ Kc6
72.Ka4 Kc5 73.Kb3 a4+ 74.Kc3 a3 75.Rb5+ Kc6 76.Rf5 Kd7 77.Rf1 a2 78.Kb2 Ke6
79.Ka1 f5 80.c5 Ke5 81.Re1+ Kf6 82.Rf1 Rc6 83.Rc1 f4 84.Kxa2 Kf5 85.Kb3 f3
86.Kc4 Ke4 87.Kb5 Rc8 88.c6 Ke3 89.Kb6  1/2-1/2

[Event "4th Open A"]
[Site "Moscow RUS"]
[Date "2008.02.03"]
[Round "2"]
[White "Nikolenko,O"]
[Black "Urjubdshzirov,E"]
[Result "1-0"]
[WhiteElo "2509"]
[BlackElo "2173"]

1.e4 c5 2.Nf3 e6 3.d4 cxd4 4.Nxd4 Nc6 5.Nc3 Qc7 6.g3 a6 7.Bg2 d6 8.O-O Bd7
9.Nb3 Nf6 10.f4 Be7 11.Be3 Rc8 12.h3 h5 13.a4 Nb4 14.Rf2 e5 15.a5 Be6 16.Ra4 Bxb3
17.cxb3 Nc6 18.Nd5 Qb8 19.Nxe7 Nxe7 20.Rd2 Rc6 21.Rc4 h4 22.g4 O-O 23.g5 Ne8
24.fxe5 dxe5 25.Rxc6 Nxc6 26.Bc5 g6 27.Bxf8 Kxf8 28.Rd7 Nd4 29.Qf1 f5 30.Qc4 Nd6
31.Qc5 Nb5 32.Qxe5  1-0

[Event "4th Open C Women"]
[Site "Moscow RUS"]
[Date "2008.02.03"]
[Round "2"]
[White "Bodnaruk,A"]
[Black "Koroteeva,K"]
[Result "1-0"]
[WhiteElo "2317"]
[BlackElo "1955"]

1.e4 c5 2.Nc3 Nc6 3.Nf3 e6 4.d4 cxd4 5.Nxd4 Nf6 6.Nxc6 bxc6 7.e5 Nd5 8.Ne4 Qc7
9.f4 c5 10.c4 Nb4 11.a3 Nc6 12.Bd3 Bb7 13.O-O Nd4 14.Be3 Nf5 15.Bf2 Rb8 16.Rb1 Ba8
17.Re1 d5 18.cxd5 Nd6 19.Nxc5 Nc4 20.Qa4+ Bc6 21.Qxc4  1-0

[Event "4th Open A"]
[Site "Moscow RUS"]
[Date "2008.02.05"]
[Round "4"]
[White "Areshchenko,A"]
[Black "Novikov,St1"]
[Result "0-1"]
[WhiteElo "2645"]
[BlackElo "2545"]

1.e4 c5 2.Nf3 e6 3.d4 cxd4 4.Nxd4 Nc6 5.Nc3 Qc7 6.Be3 Nf6 7.f4 Bb4 8.Nb5 Qa5
9.e5 Nd5 10.Bd2 Nxc3 11.Nxc3 Qb6 12.Bd3 Bxc3 13.Bxc3 Qe3+ 14.Qe2 Qxf4 15.g3 Qg5
16.Rg1 b6 17.h4 Qe7 18.O-O-O Bb7 19.Kb1 Nb4 20.a3 Nxd3 21.Qxd3 a5 22.Bd4 Ra6
23.Qe3 Qd8 24.h5 O-O 25.h6 g6 26.Rgf1 Bd5 27.Rf4 Qc7 28.Rdf1 f5 29.exf6 Kf7
30.a4 Rb8 31.b3 b5 32.Qe2 Qc6 33.Bb2 Rab6 34.Qe5 bxa4 35.Rxa4 Rb5 36.Qc3 Rc5
37.Qd3 Rxc2 38.Qxc2 Qxc2+ 39.Kxc2 Bxb3+ 40.Kd2 Bxa4 41.Bc3 Ra8 42.Ra1 Bc6
43.Bxa5 e5 44.Ke3 Kxf6 45.Rf1+ Ke6 46.Bb4 d5 47.Rc1 d4+ 48.Kd3 Rc8 49.Rc5 Bd7
50.Ra5 Kf6 51.Bd6 Rc3+ 52.Kd2 Re3 53.Bb8 Bf5 54.Bc7 Rd3+ 55.Ke2 e4 56.Be5+ Ke6
57.Bf4 Bg4+  0-1

[Event "4th Open C Women"]
[Site "Moscow RUS"]
[Date "2008.02.06"]
[Round "5"]
[White "Huda,Mary"]
[Black "Vasilevich,I"]
[Result "0-1"]
[WhiteElo "2278"]
[BlackElo "2378"]

1.e4 c5 2.Nf3 e6 3.d4 cxd4 4.Nxd4 Nc6 5.Nc3 a6 6.Be2 Qc7 7.O-O Nf6 8.Kh1 Bb4
9.Bg5 Be7 10.f4 h6 11.Bxf6 gxf6 12.Bh5 Nxd4 13.Qxd4 b5 14.f5 Bb7 15.Rad1 Rg8
16.Ne2 Rd8 17.Ng3 Rg5 18.Rd2 Kf8 19.Bf3 Qc5 20.Qxc5 Bxc5 21.e5 Bxf3 22.Rxf3 Bb6
23.exf6 d5 24.Re2 Rd6 25.fxe6 fxe6 26.f7 Bd8 27.Ref2 Rd7 28.Ne2 e5 29.Rh3 Rg6
30.Rh5 Bg5 31.h4 Bf6 32.Rhf5 Bg7 33.Nc3 b4 34.Na4 Rc6 35.b3 e4 36.g4 e3 37.Re2 Bd4  0-1

[Event "4th Open A"]
[Site "Moscow RUS"]
[Date "2008.02.07"]
[Round "6"]
[White "Krivolapov,V"]
[Black "Lebedev,S1"]
[Result "0-1"]
[WhiteElo "2135"]
[BlackElo "2376"]

1.e4 c5 2.Nf3 e6 3.d4 cxd4 4.Nxd4 Nc6 5.Nc3 a6 6.Be3 Nf6 7.Be2 Qc7 8.O-O Bb4
9.Nxc6 bxc6 10.Qd4 a5 11.e5 Nd5 12.Ne4 c5 13.Qd3 c4 14.Qd4 c3 15.Nd6+ Kf8
16.Qh4 Bb7 17.Rad1 Bxd6 18.exd6 Qxd6 19.bxc3 Qc6 20.Bf3 Qxc3 21.Bd4 Qc7 22.c4 Nb4
23.Bb6 Qc8 24.Bc5+ Kg8 25.Qe7 Bxf3 26.Rxd7 Bh5 27.Bxb4 h6 28.Bxa5 Qxc4 29.a3 Kh7
30.Rc7 Qd3 31.Rc3 Qa6 32.Bb4 Rhd8 33.Rg3 Rd5 34.Bc3 Bg6 35.Bb4 Rc8 36.h3 Qe2
37.Re1 Qb2 38.Qh4 Rc1 39.Re3 Rc2 40.Rf3 e5 41.Qg3 e4 42.Rc3 Re2 43.Rxe2 Rd1+
44.Kh2 Qxe2 45.Rc8 Qf1 46.Qb8 Qh1+ 47.Kg3 Bf5 48.Rh8+ Kg6 49.Re8 Rg1 50.Kf4 Qh2+
51.Ke3 Qxg2 52.Qd6+ Kh7 53.Qf4 Bg6 54.Qg4 Qh1 55.Qc8 Qf3+ 56.Kd4 Rd1+  0-1

[Event "4th Open C Women"]
[Site "Moscow RUS"]
[Date "2008.02.07"]
[Round "6"]
[White "Kalmykova,A"]
[Black "Borisova,E"]
[Result "1/2-1/2"]
[WhiteElo "2124"]
[BlackElo "2305"]

1.e4 c5 2.Nf3 e6 3.d4 cxd4 4.Nxd4 Nc6 5.Nc3 Qc7 6.Be3 a6 7.Bd3 Nf6 8.O-O Bd6
9.g3 Ne5 10.Be2 Bb4 11.f4 Nc4 12.Bxc4 Qxc4 13.Na4 Ba5 14.b3 Qc7 15.e5 Nd5
16.Bd2 b5 17.c4 bxa4 18.cxd5 Bb6 19.Be3 Qa7 20.f5 Bb7 21.fxe6 dxe6 22.d6 O-O
23.Qg4 Rac8 24.Rad1 h5 25.Qxh5 Ba8 26.Qe2 Rc5 27.Nf3  1/2-1/2

[Event "4th Open C Women"]
[Site "Moscow RUS"]
[Date "2008.02.07"]
[Round "6"]
[White "Yanjindulam,D"]
[Black "Javakhishvili,L"]
[Result "1-0"]
[WhiteElo "2256"]
[BlackElo "2470"]

1.e4 c5 2.Nf3 e6 3.d4 cxd4 4.Nxd4 Nc6 5.Nc3 a6 6.Nxc6 bxc6 7.Bd3 d5 8.O-O Qc7
9.Qe2 Bb7 10.f4 Nf6 11.e5 Nd7 12.Na4 c5 13.c4 d4 14.Bd2 g6 15.Rae1 Bc6 16.b3 Bg7
17.f5 gxf5 18.Bxf5 Bxa4 19.Bxe6 O-O 20.Bf5 Nxe5 21.Bf4 Bd7 22.Bxh7+ Kxh7
23.Qh5+ Kg8 24.Bxe5 Qc6 25.Bxg7 Kxg7 26.Re5  1-0

[Event "4th Open A"]
[Site "Moscow RUS"]
[Date "2008.02.09"]
[Round "8"]
[White "Kurnosov,I"]
[Black "Kobalia,M"]
[Result "1/2-1/2"]
[WhiteElo "2577"]
[BlackElo "2623"]

1.e4 c5 2.Nf3 e6 3.d4 cxd4 4.Nxd4 Nc6 5.Nc3 a6 6.Nxc6 bxc6 7.Bd3 d5 8.O-O Nf6
9.Qf3 Be7 10.e5 Nd7 11.Qg3 g6 12.Bh6 a5 13.Rfe1 Ba6 14.Qh3 Bf8 15.Ne2 Qe7
16.Nd4 Bb7 17.c4 dxc4 18.Bxc4 Bxh6 19.Qxh6 Qf8 20.Qh3 Qe7 21.Rad1 Nb6 22.Bd3 O-O
23.Be4 Rad8 24.Qc3 c5 25.Nc6  1/2-1/2

[Event "4th Open A"]
[Site "Moscow RUS"]
[Date "2008.02.09"]
[Round "8"]
[White "Asrian,K"]
[Black "Novikov,St1"]
[Result "1-0"]
[WhiteElo "2621"]
[BlackElo "2545"]

1.e4 c5 2.Nf3 e6 3.Nc3 Nc6 4.d4 cxd4 5.Nxd4 d6 6.Be2 Nf6 7.O-O Be7 8.Be3 O-O
9.Kh1 Qc7 10.f4 Nxd4 11.Bxd4 e5 12.Be3 exf4 13.Bxf4 Be6 14.Qd3 a6 15.Rad1 Rfd8
16.Qg3 Ne8 17.e5 dxe5 18.Bxe5 Qc5 19.Bd3 Bd6 20.Rde1 h6 21.Bxd6 Qxd6 22.Qf3 Qe7
23.Nd5 Qd6 24.Nf4 Nf6 25.Nxe6 fxe6 26.Bc4 Re8 27.Qxb7 Rab8 28.Qf3 Kh8 29.b3 e5
30.Qg3 Rbd8 31.Rf5 Qd2 32.Ref1 Qxc2 33.Qg6 Rd6 34.h3 a5 35.Kh2 Red8 36.R1f3 Ng8
37.Qg3 e4 38.Rf7 Qb2 39.Rc3 Rg6 40.Qxg6 Qxc3 41.Qxe4 Nf6 42.Qe7 Re8 43.Rf8+ Rxf8
44.Qxf8+ Kh7 45.Qd6 h5 46.Qd3+ Qxd3 47.Bxd3+ Kh6 48.Kg3 Nd5 49.Bc4 Nb4 50.a3 Nc2
51.Kf4 g5+ 52.Ke4 h4 53.Bd3 Nxa3 54.Kd4 g4 55.Kc3  1-0